| 000 | 00838nam a2200241 i 4500 | ||
|---|---|---|---|
| 001 | 188323 | ||
| 003 | ES-MaACL | ||
| 005 | 20240202163051.0 | ||
| 008 | 180807s1981 sp |||| | spa d | ||
| 020 | _a84-379-0156-1 | ||
| 100 | 1 |
_aMachado, Antonio, _d1875-1939 _975151 |
|
| 245 | 1 | 0 |
_aSoledades _b; Poesías de la guerra / _cAntonio Machado ; estudio preliminar, Marcos Sanz Agüero. |
| 246 | 3 | 0 | _aPoesías de la guerra |
| 260 |
_aMadrid : _bFelmar, _c[1981] |
||
| 300 |
_a157 p. ; _c19 cm. |
||
| 490 | 1 | _aPoesía y prosa popular | |
| 500 | _aCronología. | ||
| 504 | _aBibliografía: p. 49-52. | ||
| 700 | 1 |
_aSanz Agüero, Marcos. _9103601 |
|
| 830 | 0 |
_aPoesía y prosa popular _9186975 |
|
| 852 |
_aES-MaACL _jL-32224 _z. - Donat. herederos de la bibl. de Mª del Pilar Costa Palacín |
||
| 999 |
_c188323 _d188323 |
||